|
|
|
|
| LEADER |
00000nam0a2200000 4500 |
| 001 |
81733 |
| 005 |
20231101213204.0 |
| 035 |
|
|
|a (RuTPU)RU\TPU\book\87843
|
| 090 |
|
|
|a 81733
|
| 100 |
|
|
|a 20050922d1965 km y0rusy50 ca
|
| 101 |
0 |
|
|a rus
|
| 102 |
|
|
|a RU
|
| 105 |
|
|
|a a g 001zy
|
| 200 |
1 |
|
|a Изотермические и термокинетические диаграммы распада переохлажденного аустенита
|e справочник термиста
|f А. А. Попов, Л. Е. Попова
|
| 205 |
|
|
|a 2-е изд., испр. и доп.
|
| 210 |
|
|
|a Москва
|c Металлургия
|d 1965
|
| 215 |
|
|
|a 496 с.
|c ил.
|
| 320 |
|
|
|a Библиогр.: с. 480-487.
|
| 516 |
1 |
|
|a Справочник термиста
|
| 606 |
1 |
|
|a Термическая обработка металлов
|2 stltpush
|3 (RuTPU)RU\TPU\subj\68426
|9 83756
|
| 606 |
1 |
|
|a Аустенит
|x Превращения
|2 stltpush
|3 (RuTPU)RU\TPU\subj\21987
|9 46885
|
| 610 |
1 |
|
|a металлы
|
| 610 |
1 |
|
|a распад
|
| 610 |
1 |
|
|a изотермические диаграммы
|
| 610 |
1 |
|
|a термокинетические диаграммы
|
| 610 |
1 |
|
|a справочники
|
| 675 |
|
|
|a 621.785(035)
|v 3
|
| 675 |
|
|
|a 669.11(035)
|v 3
|
| 700 |
|
1 |
|a Попов
|b А. А.
|g Александр Артемьевич
|
| 701 |
|
1 |
|a Попова
|b Л. Е.
|g Людмила Евгеньевна
|
| 801 |
|
1 |
|a RU
|b 63413507
|c 20050922
|g PSBO
|
| 801 |
|
2 |
|a RU
|b 63413507
|c 20131108
|g PSBO
|
| 942 |
|
|
|c BK
|